[Event "CZE-chT2A 2223"]
[Site "Czech Republic"]
[Date "2022.10.16"]
[Round "1.5"]
[White "Rolinek, Dominik"]
[Black "Simunek, Ales"]
[Result "1-0"]
[WhiteElo "2049"]
[BlackElo "2153"]
[PlyCount "151"]
[EventDate "2022.10.16"]
[EventType "team-tourn"]
[EventRounds "11"]
[EventCountry "CZE"]
[SourceTitle "EXT 2024"]
[Source "ChessBase"]
[SourceDate "2023.10.10"]
[SourceVersion "1"]
[SourceVersionDate "2023.10.10"]
[SourceQuality "1"]
[WhiteTeam "Budejovice"]
[BlackTeam "Line II"]
[WhiteTeamCountry "CZE"]
[BlackTeamCountry "CZE"]

1. d4 Nf6 2. Bf4 e6 3. e3 c5 4. c3 Nc6 5. Nf3 Be7 6. h3 0-0 7. Bd3 d6 8. 0-0 Nd7 9. e4 cxd4 10. cxd4 Nb4 11. Nc3 Nxd3 12. Qxd3 Nb6 13. Rac1 Bd7 14. Rc2 Rc8 15. Rfc1 a6 16. Nd2 d5 17. Qg3 Bh4 18. Qd3 Bc6 19. e5 Be7 20. Qg3 f5 21. exf6 Bxf6 22. Be5 Bxe5 23. Qxe5 Qf6 24. Nf3 Nc4 25. Qg3 Rce8 26. Re2 Bd7 27. Ne5 Nxe5 28. Rxe5 Qf4 29. Qe3 Qxe3 30. Rxe3 Rc8 31. Kf1 Rc4 32. Rd1 Rfc8 33. Ke1 b5 34. Ne2 Rc2 35. Rd2 b4 36. Nf4 Kf7 37. Nd3 a5 38. Nc5 Rc1+ 39. Ke2 Ke7 40. Kf3 Rf8+ 41. Kg3 a4 42. Na6 Rc4 43. b3 Rc3 44. Rxc3 bxc3 45. Rc2 e5 46. Rxc3 exd4 47. Rc2 Kd6 48. b4 Bb5 49. Nc5 d3 50. Rd2 Rc8 51. f4 d4 52. Kg4 Rxc5 53. bxc5+ Kxc5 54. Kf3 Kc4 55. Kf2 Kd5 56. Ke1 Ke4 57. Rf2 Ke3 58. Rf3+ Ke4 59. Kd2 a3 60. Rg3 g6 61. Rg5 Bc4 62. Ra5 Bxa2 63. Rxa3 Bc4 64. Ra4 Bb3 65. Ra7 h5 66. Rg7 Kxf4 67. Rxg6 Bd5 68. h4 Be4 69. Rg5 Bb7 70. Kxd3 Ba6+ 71. Kxd4 Be2 72. g3+ Kf3 73. Ke5 Kg2 74. Kf6 Bg4 75. Kg6 Bf3 76. Rxh5 1-0

[Event "Ceske Budejovice op-A"]
[Site "Ceske Budejovice"]
[Date "2020.07.08"]
[Round "8"]
[White "Rolinek, Dominik"]
[Black "Tajovsky, Matej"]
[Result "1-0"]
[WhiteElo "2056"]
[BlackElo "1882"]
[PlyCount "79"]
[EventDate "2020.07.01"]
[EventType "swiss"]
[EventRounds "9"]
[EventCountry "CZE"]
[SourceTitle "CBM 197 Extra"]
[Source "ChessBase"]
[SourceDate "2020.09.30"]
[SourceVersion "1"]
[SourceVersionDate "2020.09.30"]
[SourceQuality "1"]

1. c4 Nf6 2. d4 c5 3. d5 b5 4. cxb5 a6 5. bxa6 g6 6. Nc3 Bxa6 7. g3 d6 8. Bg2 Bg7 9. Nf3 0-0 10. 0-0 Nbd7 11. Bg5 Qa5 12. Re1 Rfb8 13. Qc1 Qb4 14. Rb1 Bc4 15. a3 Qb7 16. Nd2 Bxd5 17. Nxd5 Nxd5 18. Bxe7 Ra6 19. Nc4 N7b6 20. Bxd6 Rc8 21. Rd1 Nxc4 22. Bxd5 Qd7 23. Bf4 Nd6 24. Bc4 Rb6 25. e3 Qe7 26. Bxd6 Rxd6 27. Rxd6 Qxd6 28. b3 Rd8 29. a4 Qb6 30. Qc2 Re8 31. Rd1 Re7 32. Qd3 Qa7 33. Qd8+ Bf8 34. a5 Rc7 35. a6 Kg7 36. h4 Be7 37. Qe8 Bf6 38. Rd6 h5 39. Bb5 Re7 40. Rd7 1-0

[Event "Ceske Budejovice op"]
[Site "Ceske Budejovice"]
[Date "2019.07.06"]
[Round "8"]
[White "Rolinek, Dominik"]
[Black "Mulenko, Alexander"]
[Result "1/2-1/2"]
[WhiteElo "2004"]
[BlackElo "2075"]
[PlyCount "95"]
[EventDate "2019.06.29"]
[EventType "swiss"]
[EventRounds "9"]
[EventCountry "CZE"]
[SourceTitle "CBM 191 Extra"]
[Source "ChessBase"]
[SourceDate "2019.09.30"]
[SourceVersion "1"]
[SourceVersionDate "2019.09.30"]
[SourceQuality "1"]

1. d4 Nf6 2. Bf4 e6 3. Nf3 b6 4. e3 Bb7 5. Bd3 Bd6 6. Bg3 Bxg3 7. hxg3 d6 8. Nbd2 Nbd7 9. c3 Qe7 10. Qc2 0-0-0 11. Qa4 Kb8 12. Ba6 Ba8 13. 0-0-0 e5 14. Nb3 e4 15. Ne1 c6 16. Nc2 Nd5 17. Nb4 Nxb4 18. Qxb4 Kc7 19. Kb1 c5 20. Qa3 Bb7 21. Nd2 Bxa6 22. Qxa6 Kb8 23. Nc4 d5 24. Na3 cxd4 25. cxd4 Nf6 26. Rc1 Qb7 27. Qe2 Rc8 28. Nb5 Qa6 29. Rhe1 Rhd8 30. f3 Rxc1+ 31. Rxc1 Rc8 32. Rxc8+ Qxc8 33. Qc2 Qd7 34. Nc3 exf3 35. gxf3 Qh3 36. Qf2 h5 37. Kc2 Qf5+ 38. Kd2 g5 39. Qg2 g4 40. fxg4 hxg4 41. Ke1 Kc7 42. Qf2 Qxf2+ 43. Kxf2 Kc6 44. Ke1 Nh5 45. Ne2 f5 46. Kd2 Nf6 47. Nc3 a5 48. a4 1/2-1/2

[Event "Ceske Budejovice op"]
[Site "Ceske Budejovice"]
[Date "2019.06.30"]
[Round "2"]
[White "Rolinkova, Lucie"]
[Black "Rolinek, Dominik"]
[Result "1/2-1/2"]
[WhiteElo "1703"]
[BlackElo "2004"]
[PlyCount "78"]
[EventDate "2019.06.29"]
[EventType "swiss"]
[EventRounds "9"]
[EventCountry "CZE"]
[SourceTitle "CBM 191 Extra"]
[Source "ChessBase"]
[SourceDate "2019.09.30"]
[SourceVersion "1"]
[SourceVersionDate "2019.09.30"]
[SourceQuality "1"]

1. d4 Nf6 2. Bf4 d5 3. e3 c5 4. c3 Nc6 5. Bd3 Qb6 6. b3 Qa5 7. Bc2 b5 8. dxc5 b4 9. cxb4 Nxb4 10. Nd2 Qxc5 11. Rc1 Nxa2 12. b4 Qxb4 13. Ba4+ Bd7 14. Bxd7+ Nxd7 15. Rc2 e5 16. Bxe5 Nxe5 17. Rxa2 Be7 18. Qa1 Bf6 19. Qd1 0-0 20. Ngf3 Nxf3+ 21. Qxf3 Bc3 22. Qd1 d4 23. 0-0 dxe3 24. fxe3 Rad8 25. Rf2 Rd7 26. Qe2 Bxd2 27. Rxd2 Rxd2 28. Qxd2 Qxd2 29. Rxd2 a5 30. Ra2 Ra8 31. Ra4 Kf8 32. Kf2 Ke7 33. Kf3 Kd6 34. Ke4 Kc5 35. Kd3 Kb5 36. Ra1 a4 37. Kc3 Rc8+ 38. Kb2 Kb4 39. Ra3 Rd8 1/2-1/2

[Event "Ceske Budejovice op"]
[Site "Ceske Budejovice"]
[Date "2019.06.29"]
[Round "1"]
[White "Rolinek, Dominik"]
[Black "Plischki, Sebastian"]
[Result "0-1"]
[WhiteElo "2004"]
[BlackElo "2420"]
[PlyCount "52"]
[EventDate "2019.06.29"]
[EventType "swiss"]
[EventRounds "9"]
[EventCountry "CZE"]
[SourceTitle "CBM 191 Extra"]
[Source "ChessBase"]
[SourceDate "2019.09.30"]
[SourceVersion "1"]
[SourceVersionDate "2019.09.30"]
[SourceQuality "1"]

1. d4 Nf6 2. Nf3 g6 3. Nc3 d5 4. Bf4 Bg7 5. e3 0-0 6. Be2 Bg4 7. h3 Bxf3 8. Bxf3 c6 9. 0-0 Nbd7 10. Re1 Re8 11. e4 dxe4 12. Nxe4 Nxe4 13. Bxe4 Qb6 14. Be3 Nf6 15. Qf3 Nxe4 16. Qxe4 Qxb2 17. Rab1 Qc3 18. Bf4 b6 19. Be5 Rad8 20. Bxg7 Kxg7 21. Qe5+ Kg8 22. Qc7 Qxd4 23. Qxa7 b5 24. Rxe7 Qxa7 25. Rxa7 Re2 26. Rb3 Rd1+ 0-1

[Event "CZE-chT U18 Extraliga West 1819"]
[Site "Czech Republic"]
[Date "2019.01.19"]
[Round "7.2"]
[White "Rolinek, Dominik"]
[Black "Dolansky, Lukas"]
[Result "1-0"]
[WhiteElo "1957"]
[BlackElo "2099"]
[PlyCount "58"]
[EventDate "2018.10.05"]
[EventType "team-tourn"]
[EventRounds "11"]
[EventCountry "CZE"]
[SourceTitle "EXT 2023"]
[Source "ChessBase"]
[SourceDate "2022.10.05"]
[SourceVersion "1"]
[SourceVersionDate "2022.10.05"]
[SourceQuality "1"]
[WhiteTeam "Ricany (U18)"]
[BlackTeam "Klatovy (U18)"]
[WhiteTeamCountry "CZE"]
[BlackTeamCountry "CZE"]

1. d4 d5 2. Bf4 e6 3. Nf3 c5 4. e3 Nc6 5. c3 Nf6 6. Nbd2 Be7 7. Bd3 0-0 8. h3 a6 9. a4 Bd7 10. 0-0 c4 11. Bc2 b5 12. e4 dxe4 13. Nxe4 b4 14. Qe2 Nd5 15. Bd2 b3 16. Bb1 Na5 17. Ne5 Rc8 18. Qh5 f5 19. Ng5 h6 20. Ngf7 Qe8 21. Nxd7 Qxd7 22. Ne5 Qc7 23. g4 Nc6 24. Nxc6 Qxc6 25. gxf5 Rcd8 26. fxe6 Qxe6 27. Qg4 Qb6 28. Qe4 Rd6 29. Kh1 Bh4 1-0

[Event "CZE-chT2A 1819"]
[Site "Czech Republic"]
[Date "2019.01.13"]
[Round "6.2"]
[White "Jezek, Jan"]
[Black "Rolinek, Dominik"]
[Result "0-1"]
[WhiteElo "2175"]
[BlackElo "1957"]
[PlyCount "84"]
[EventDate "2018.10.14"]
[EventType "team-tourn"]
[EventRounds "11"]
[EventCountry "CZE"]
[SourceTitle "EXT 2022"]
[Source "ChessBase"]
[SourceDate "2021.10.06"]
[SourceVersion "1"]
[SourceVersionDate "2021.10.06"]
[SourceQuality "1"]
[WhiteTeam "Line"]
[BlackTeam "Ricany II"]
[WhiteTeamCountry "CZE"]
[BlackTeamCountry "CZE"]

1. d4 d5 2. Bf4 Nf6 3. e3 c5 4. Nf3 Nc6 5. c3 Qb6 6. Qb3 c4 7. Qc2 Bf5 8. Qc1 Qd8 9. h3 e6 10. Be2 b5 11. 0-0 Be7 12. b4 a5 13. Ne5 Nxe5 14. dxe5 Nd7 15. Na3 Qb6 16. Nc2 Bxc2 17. Qxc2 axb4 18. cxb4 Bxb4 19. a4 Be7 20. axb5 0-0 21. e4 Qxb5 22. exd5 exd5 23. Rab1 Qc6 24. Rfd1 Bc5 25. Bf3 Nb6 26. Rxb6 Qxb6 27. Bxd5 Rac8 28. Bxc4 Bxf2+ 29. Kh1 Qc5 30. Rc1 Rce8 31. Rf1 Bd4 32. Qb3 Qb6 33. Qa2 Qa7 34. Qb3 Bxe5 35. Be3 Qe7 36. Bd5 Bf6 37. Bc1 Qe2 38. Bc4 Qh5 39. Ba3 Be7 40. Bb2 Bd6 41. Bd4 Re4 42. Qc3 Qh4 0-1

[Event "CZE-chT U18 Extraliga West 1819"]
[Site "Czech Republic"]
[Date "2018.10.07"]
[Round "3.2"]
[White "Sykora, Marek1"]
[Black "Rolinek, Dominik"]
[Result "1/2-1/2"]
[WhiteElo "1978"]
[BlackElo "1957"]
[PlyCount "62"]
[EventDate "2018.10.05"]
[EventType "team-tourn"]
[EventRounds "11"]
[EventCountry "CZE"]
[SourceTitle "EXT 2023"]
[Source "ChessBase"]
[SourceDate "2022.10.05"]
[SourceVersion "1"]
[SourceVersionDate "2022.10.05"]
[SourceQuality "1"]
[WhiteTeam "Liberec Desko (U18)"]
[BlackTeam "Ricany (U18)"]
[WhiteTeamCountry "CZE"]
[BlackTeamCountry "CZE"]

1. e4 d6 2. d4 Nf6 3. Nc3 e5 4. Nf3 Nbd7 5. Bc4 Be7 6. 0-0 0-0 7. Re1 c6 8. a4 a5 9. Bd3 exd4 10. Nxd4 Nc5 11. Bf4 Ne6 12. Be3 Ng4 13. Nxc6 bxc6 14. Qxg4 Nc5 15. Qe2 Nxd3 16. Qxd3 Ba6 17. Qd2 Rb8 18. b3 f5 19. Rad1 Qc7 20. Bg5 Bxg5 21. Qxg5 f4 22. Rd4 Rbe8 23. Qg4 Bc8 24. Qd1 Re6 25. f3 Rh6 26. Nb1 Qe7 27. Nd2 Ba6 28. c4 Qe5 29. Nf1 g5 30. h3 Rg6 31. Nh2 h5 1/2-1/2

[Event "CZE-chT U18 Extraliga West 1819"]
[Site "Czech Republic"]
[Date "2018.10.06"]
[Round "1.2"]
[White "Zeman, Matyas"]
[Black "Rolinek, Dominik"]
[Result "1-0"]
[WhiteElo "2218"]
[BlackElo "1957"]
[PlyCount "73"]
[EventDate "2018.10.05"]
[EventType "team-tourn"]
[EventRounds "11"]
[EventCountry "CZE"]
[SourceTitle "EXT 2023"]
[Source "ChessBase"]
[SourceDate "2022.10.05"]
[SourceVersion "1"]
[SourceVersionDate "2022.10.05"]
[SourceQuality "1"]
[WhiteTeam "Jicin (U18)"]
[BlackTeam "Ricany (U18)"]
[WhiteTeamCountry "CZE"]
[BlackTeamCountry "CZE"]

1. e4 d6 2. d4 Nf6 3. Nc3 e5 4. Nge2 Be7 5. g3 0-0 6. Bg2 Nbd7 7. h3 b6 8. 0-0 Bb7 9. d5 Rc8 10. g4 c6 11. Be3 a5 12. a4 Nc5 13. Ng3 cxd5 14. exd5 g6 15. Qd2 Nfd7 16. Bh6 Re8 17. Nb5 Ba6 18. b3 Bxb5 19. axb5 Bf8 20. Be3 Bg7 21. Rae1 Qc7 22. g5 a4 23. b4 Nb7 24. Ra1 Ra8 25. Ne4 Rec8 26. Ra2 f5 27. gxf6 Nxf6 28. Nxf6+ Bxf6 29. Rfa1 Qc4 30. Bf1 Qe4 31. Rxa4 Rxa4 32. Rxa4 Rxc2 33. Ra8+ Kg7 34. Qd3 Qxd3 35. Bxd3 Rc3 36. Be2 Rb3 37. Ra7 1-0

[Event "CZE-chT2C 1718"]
[Site "Czech Republic"]
[Date "2018.03.18"]
[Round "10.4"]
[White "Rolinek, Dominik"]
[Black "Stinka, Jakub"]
[Result "1/2-1/2"]
[WhiteElo "1917"]
[BlackElo "2106"]
[PlyCount "73"]
[EventDate "2017.10.15"]
[EventType "team-tourn"]
[EventRounds "11"]
[EventCountry "CZE"]
[SourceTitle "EXT 2022"]
[Source "ChessBase"]
[SourceDate "2021.10.06"]
[SourceVersion "1"]
[SourceVersionDate "2021.10.06"]
[SourceQuality "1"]
[WhiteTeam "Ceske Budejovice"]
[BlackTeam "Pisek"]
[WhiteTeamCountry "CZE"]
[BlackTeamCountry "CZE"]

1. d4 Nf6 2. Nf3 e6 3. Bf4 b6 4. e3 Bb7 5. Bd3 Be7 6. h3 c5 7. c3 cxd4 8. cxd4 0-0 9. 0-0 d5 10. Nc3 Nc6 11. a3 Rc8 12. Qe2 Bd6 13. Bxd6 Qxd6 14. Rac1 Qe7 15. b4 a5 16. b5 Nb8 17. Qb2 Nbd7 18. Rfd1 Rfd8 19. Nd2 e5 20. Bf5 e4 21. Bxd7 Qxd7 22. Na4 Qd6 23. Rc3 Rxc3 24. Nxc3 Rc8 25. Rc1 Ne8 26. Ne2 Rxc1+ 27. Qxc1 Nc7 28. a4 Ne6 29. Qc3 f5 30. f4 h6 31. g3 g5 32. Kh2 Kg7 33. Nb1 Kf7 34. Qa3 Qb8 35. Nbc3 Qd8 36. Qb3 Qd6 37. Kg2 1/2-1/2

[Event "CZE-chT2C 1718"]
[Site "Czech Republic"]
[Date "2017.11.19"]
[Round "3.5"]
[White "Michalek, Frantisek"]
[Black "Rolinek, Dominik"]
[Result "1/2-1/2"]
[WhiteElo "1994"]
[BlackElo "1917"]
[PlyCount "106"]
[EventDate "2017.10.15"]
[EventType "team-tourn"]
[EventRounds "11"]
[EventCountry "CZE"]
[SourceTitle "EXT 2022"]
[Source "ChessBase"]
[SourceDate "2021.10.06"]
[SourceVersion "1"]
[SourceVersionDate "2021.10.06"]
[SourceQuality "1"]
[WhiteTeam "Kolin"]
[BlackTeam "Ceske Budejovice"]
[WhiteTeamCountry "CZE"]
[BlackTeamCountry "CZE"]

1. e4 c5 2. Nf3 e6 3. d4 cxd4 4. Nxd4 Nf6 5. Nc3 Nc6 6. Ndb5 a6 7. Nd6+ Bxd6 8. Qxd6 Qe7 9. Bf4 Nh5 10. 0-0-0 Nxf4 11. Qxf4 b5 12. Be2 Bb7 13. e5 Nb4 14. Rd6 Nd5 15. Nxd5 Bxd5 16. Bf3 Bxf3 17. gxf3 f6 18. Rhd1 fxe5 19. Qxe5 0-0 20. Rxd7 Qf6 21. Qxf6 Rxf6 22. Rg1 g6 23. Rg3 Raf8 24. Rd3 h5 25. Kd1 Kg7 26. Ke2 Rc8 27. c3 Rc4 28. Rd6 e5 29. Rd7+ Kh6 30. Re7 b4 31. Kd3 Rfc6 32. cxb4 Rxb4 33. Rxe5 Rxb2 34. Ke3 Rxa2 35. f4 Rc3+ 36. Ke4 Rc4+ 37. Kf3 Raa4 38. f5 Rf4+ 39. Ke3 Rxf5 40. Rxf5 gxf5 41. Rg1 a5 42. Kf3 Rh4 43. h3 a4 44. Rg8 a3 45. Ra8 Rxh3+ 46. Kf4 Rh2 47. Ra6+ Kg7 48. Kg3 Rh1 49. Rxa3 Rf1 50. Ra6 h4+ 51. Kxh4 Rxf2 52. Kg5 f4 53. Rg6+ Kf7 1/2-1/2

[Event "EU-ch U16 26th"]
[Site "Prague"]
[Date "2016.08.20"]
[Round "3"]
[White "Akdogan, Alperen"]
[Black "Rolinek, Dominik"]
[Result "1-0"]
[WhiteElo "2152"]
[BlackElo "1753"]
[PlyCount "45"]
[EventDate "2016.08.18"]
[EventType "swiss"]
[EventRounds "9"]
[EventCountry "CZE"]
[SourceTitle "CBM 174 Extra"]
[Source "ChessBase"]
[SourceDate "2016.10.10"]
[SourceVersion "1"]
[SourceVersionDate "2016.10.10"]
[SourceQuality "1"]

1. d4 d5 2. Nf3 Nf6 3. c4 e6 4. g3 c5 5. cxd5 Nxd5 6. Bg2 Nc6 7. 0-0 Bd7 8. e4 Nf6 9. d5 Nb8 10. Nc3 g6 11. Bf4 Be7 12. a4 0-0 13. a5 Ne8 14. d6 Bf6 15. e5 Bg7 16. Ne4 Bb5 17. Re1 Nd7 18. Qc1 b6 19. axb6 Qxb6 20. Be3 Nxe5 21. Nxe5 Bxe5 22. Bxc5 Qd8 23. Nd2 1-0

[Event "Tabor op"]
[Site "Tabor"]
[Date "2013.08.01"]
[Round "6"]
[White "Rolinek, Dominik"]
[Black "Skorepa, Jakub"]
[Result "0-1"]
[WhiteElo "1250"]
[BlackElo "1755"]
[PlyCount "98"]
[EventDate "2013.07.28"]
[EventType "swiss"]
[EventRounds "9"]
[EventCountry "CZE"]
[SourceTitle "CBM 155 Extra"]
[Source "ChessBase"]
[SourceDate "2013.08.26"]
[SourceVersion "1"]
[SourceVersionDate "2013.08.26"]
[SourceQuality "1"]

1. e4 c6 2. d4 d5 3. exd5 cxd5 4. c4 Nf6 5. c5 Nc6 6. Bb5 Bg4 7. f3 Bf5 8. Nc3 e6 9. Nge2 Be7 10. h4 h5 11. Nf4 Nd7 12. g3 Bf6 13. Bxc6 bxc6 14. Be3 Qc7 15. Nfe2 e5 16. f4 e4 17. b4 Bg4 18. b5 Bxe2 19. Kxe2 Nxc5 20. Rc1 Nd3 21. Rc2 Qd7 22. bxc6 Qg4+ 23. Kd2 Qxg3 24. Nxd5 Rc8 25. Nxf6+ gxf6 26. d5 Nb4 27. Rb2 Nxd5 28. Re1 Nxf4 29. c7 Qg2+ 30. Re2 Qxe2+ 31. Qxe2 Nxe2 32. Kxe2 Kd7 33. Bf4 Rhg8 34. Rb8 f5 35. Ke3 Ke6 36. Kd4 f6 37. Rb7 Rg4 38. Rb8 Kd7 39. Bd6 Rxh4 40. a4 e3+ 41. Kxe3 Rxa4 42. Kf3 h4 43. Ke3 h3 44. Kf3 Ra2 45. Bf4 h2 46. Rb1 Rh8 47. Rh1 Rh3+ 48. Bg3 Ra3+ 49. Kf2 Raxg3 0-1